01148nam a2200289Ia 4500001001200000003000800012006001900020007001500039008004100054020001500095020001800110040002100128035002100149050002400170100001800194245010000212260005400312300001100366504005100377533015200428650003300580650005600613655002900669710001700698856012600715999001700841ebr10373415CaPaEBRm u cr cn|||||||||091206s2010 enk sb 001 0 eng d z1841503177 z9781841503172 aCaPaEBRcCaPaEBR a(OCoLC)64789644214aHM623b.B455 2010eb1 aBell, Philip.10aConfronting theoryh[electronic resource] :bthe psychology of cultural studies /cPhilip Bell. aBristol ;aChicago, IL :bIntellect Books,c2010. a160 p. aIncludes bibliographical references and index. aElectronic reproduction.bPalo Alto, Calif. :cebrary,d2010.nAvailable via World Wide Web.nAccess may be limited to ebrary affiliated libraries. 0aCulturexStudy and teaching. 0aCulturexStudy and teachingxPsychological aspects. 7aElectronic books.2local2 aebrary, Inc.40uhttp://site.ebrary.com/lib/rucke/Doc?id=10373415zAn electronic book accessible through the World Wide Web; click to view c99607d99607